[Event "32nd GER-ch Seniors-65 2020"]
[Site "Magdeburg"]
[Date "2020.08.18"]
[Round "5.2"]
[White "Andersen, Knut"]
[Black "Syre, Christian"]
[Result "1-0"]
[WhiteElo "2047"]
[BlackElo "2222"]
[Annotator "TA"]
[PlyCount "97"]
[EventDate "2020.08.14"]
[EventType "swiss"]
[EventCountry "GER"]
[SourceTitle "playchess.com"]
[Source "ChessBase"]
[SourceQuality "1"]

{[%evp 14,97,36,16,45,25,27,0,0,-2,12,14,8,12,20,0,22,22,25,0,7,-29,18,18,13,7,14,14,29,29,29,21,28,29,54,0,0,0,0,0,28,20,60,48,81,39,148,149,170,166,166,165,166,163,183,172,206,213,196,200,264,150,194,174,192,197,252,258,251,262,259,264,264,263,247,256,369,381,375,366,362,358,429,400,29996,29997]} 1. d4 d6 2. g3 g6 3. Bg2 Bg7 4. Nf3 Nf6 5. O-O O-O 6. c4 Nbd7 7. Nc3 c6 8. Bf4 Qe8 {E67: King's Indian: Fianchetto: 6...Nbd7.} 9. Qd2 e5 {[#]} 10. dxe5 $146 ({Predecessor:} 10. Bh6 e4 11. Ne1 d5 12. Bxg7 Kxg7 13. Nc2 dxc4 14. f3 exf3 15. Rxf3 Nb6 16. Rxf6 Kxf6 {1-0 (24) Owens,J (2153)-Arnold,K (2121) ICCF email 2017}) 10... dxe5 {The position is equal.} 11. Bh6 e4 {Threatens to win with ...Bxh6.} 12. Nd4 Bxh6 13. Qxh6 Qe5 14. Qd2 (14. Qe3 {looks sharper.} Re8 15. Rfd1 a5 16. h3 h5 17. Nc2) 14... Nb6 15. b3 Re8 16. e3 Qh5 17. Nde2 Qe5 18. Qd4 Qe7 {And now ...Rd8 would win.} 19. Rfd1 Bf5 {...Rad8 is the strong threat.} 20. Qd6 Nbd7 21. Qxe7 Rxe7 22. Nd4 Bg4 23. Rd2 Ne5 24. h3 (24. Nxe4 $14 Nxe4 25. Bxe4) 24... Bf3 $11 25. Bxf3 exf3 26. g4 h6 27. Kh2 c5 28. Nc2 Kg7 29. Kg3 g5 {White now steadily converts the win.} (29... Rh8 $14) 30. Ne1 $16 h5 31. Nxf3 Nxf3 32. Kxf3 hxg4+ 33. hxg4 Rh8 34. Nd5 Re6 35. Nxf6 Rxf6+ $18 {[%mdl 4096] Endgame KRR-KRR} 36. Kg3 $1 Rfh6 37. Rg1 ({White should try} 37. Rd5 $18) 37... Rh2 {[%csl Gh2][%cal Rh8h3]} 38. Kf3 R8h6 {[#]} 39. Rg2 $1 R6h3+ (39... Rxg2 $142 40. Kxg2 Ra6) 40. Rg3 Rh6 {[#] intending ...Rf6+.} 41. Ke2 $1 Ra6 42. Rf3 Rg2 43. Rf5 Rxg4 44. Rd7 ({Much less strong is} 44. Rxc5 b6) 44... Rxa2+ (44... Kg6 $142 45. Rfxf7 (45. Rdxf7 Re4 $16) (45. Rxc5 Rxa2+ 46. Rd2 Ra3 $11) 45... Rxa2+ 46. Kf3 Rg1) 45. Kf3 Rg1 46. Rdxf7+ Kg8 47. Rxb7 g4+ 48. Ke4 {White wants to mate with Rg5+.} Rg2 (48... Rd1 $18 49. Rg5+ Kh8 50. Rxc5 Rd8 51. Rh5+ Kg8) 49. Rg5+ {Accuracy: White = 80%, Black = 56%.} 1-0

[Event "32nd GER-ch Seniors-65 2020"]
[Site "Magdeburg"]
[Date "2020.08.18"]
[Round "5.3"]
[White "Kierzek, Matthias"]
[Black "Waagener, Ulrich"]
[Result "1-0"]
[WhiteElo "2228"]
[BlackElo "2081"]
[Annotator "TA"]
[PlyCount "87"]
[EventDate "2020.08.14"]
[EventType "swiss"]
[EventCountry "GER"]
[SourceTitle "playchess.com"]
[Source "ChessBase"]
[SourceQuality "1"]

{[%evp 11,87,41,64,68,57,58,63,62,64,64,62,60,62,64,198,186,206,167,197,188,296,302,488,243,249,254,406,76,73,69,59,45,43,8,8,12,18,10,107,36,187,101,101,94,99,105,80,94,97,70,70,70,79,33,42,48,42,39,68,68,61,73,72,71,71,69,70,72,55,54,168,163,186,107,222,229,268,246]} 1. d4 d5 2. c4 dxc4 3. e4 c5 4. d5 Nf6 5. Nc3 b5 6. Bf4 Ba6 7. e5 {D20: Queen's Gambit Accepted: 3 e3 and 3 e4.} b4 $1 {[%cal Rb4c3]} 8. exf6 bxc3 9. bxc3 {White is slightly better.} Nd7 10. Qa4 Qb6 11. Bxc4 {[#]} Bxc4 $146 ({Predecessor:} 11... Qxf6 12. Ne2 Bxc4 13. Qxc4 e5 14. dxe6 Qxe6 15. Qa4 Be7 16. Rd1 Rd8 17. Be3 O-O {1-0 (27) Volkov,S (2567)-Chatalbashev,B (2529) Antalya 2002}) 12. Qxc4 Qb2 (12... Qxf6 $14 13. Nf3 g6) 13. Rd1 $36 {[%mdl 2048] White is in control.} gxf6 14. Ne2 Bg7 15. O-O Nb6 (15... O-O $142 16. Rd2 Ne5 17. Qxc5 (17. Rxb2 Nxc4 18. Rb5 Rac8 $14) 17... Qb7) 16. Qxc5 O-O $2 (16... Qxe2 17. Rfe1 $18) (16... Rc8 17. Qe3 O-O) 17. Nd4 (17. Rd2 $142 Nd7 18. Qc6 (18. Rxb2 Nxc5 19. Be3 Rac8 $16)) 17... Qxa2 18. Nf5 ({Worse is} 18. Qxe7 Nxd5 19. Qe4 Nxc3 $15) 18... e5 (18... e6 {was necessary.}) 19. Qe3 $2 (19. Bh6 $18 {is more deadly.} Bxh6 20. Nxh6+ Kg7 21. Nf5+ Kg6 22. f4) 19... exf4 $16 20. Qxf4 {Qg4! would kill now.} Kh8 $1 21. Rd3 {[%mdl 1024] White has compensation.} Qc4 $1 {[%cal Rc4f4]} ({Of course not} 21... Nxd5 $6 22. Qh4 $1 $16 {[%mdl 512]}) 22. Qg3 {[%csl Gf5][%cal Rg3g7]} Rg8 {Strongly threatening ...Bf8.} 23. Rd4 Qc8 24. Qh3 {aiming for Rh4!} Bh6 (24... Bf8 $1 $11 {remains equal.} 25. Rh4 Rg7) 25. Rh4 (25. d6 $1 $16) 25... Rg6 $2 (25... Rg5 $1 $14 26. Nxh6 Qxh3 27. Rxh3 Rxd5) 26. Nxh6 ({Better is} 26. d6 $1 $18) 26... Qxh3 27. Rxh3 {And now Rd1 would win.} Nxd5 {Threatening ...Nf4.} 28. Nxf7+ Kg7 {Threatens to win with ...Nf4.} 29. Nd6 Nf4 {[%mdl 64] Double Attack} 30. Rf3 (30. Nf5+ {looks sharper.} Kh8 31. Rf3 Nxg2 32. Kh1 Re8 33. c4) 30... Nxg2 31. Nf5+ Kf7 {White must now prevent ...Nh4+.} 32. Ng3 (32. Kh1 {seems wilder.} a5 33. Ra1 a4 34. Ng3 Nh4 35. Rf4) 32... Nh4 33. Rf4 Rh6 34. Ra1 Ng6 35. Rfa4 Rh4 36. Rxa7+ Rxa7 37. Rxa7+ $14 {[%mdl 4096] Endgame KRN-KRN} Ke6 38. Ra6+ Ke5 39. Ra5+ Ke6 40. Nf5 Rf4 ({Black should try} 40... Rc4 $14) 41. Nd4+ $18 Kf7 {[#]} 42. Rh5 ({White should play} 42. f3 $1 $18) 42... Kg8 {[#]} (42... Rg4+ $16 43. Kf1 Nf8) 43. f3 $1 Ne5 44. Kf2 {Accuracy: White = 59%, Black = 52%.} 1-0

[Event "32nd GER-ch Seniors-65 2020"]
[Site "Magdeburg"]
[Date "2020.08.18"]
[Round "5.5"]
[White "Postler, Reinhard"]
[Black "Bogorad, Michail"]
[Result "1-0"]
[WhiteElo "2238"]
[BlackElo "2064"]
[Annotator "TA"]
[PlyCount "77"]
[EventDate "2020.08.14"]
[EventType "swiss"]
[EventCountry "GER"]
[SourceTitle "playchess.com"]
[Source "ChessBase"]
[SourceQuality "1"]

{[%evp 12,77,55,48,62,41,63,56,87,52,96,90,79,73,91,60,58,0,0,0,57,33,20,16,17,16,16,0,16,16,16,0,16,16,16,16,19,13,12,0,7,8,21,21,15,0,36,39,757,766,2235,2258,2194,2246,2164,2003,2018,1953,1865,1794,1802,1777,2162,2152,29996,29997,29997,29998]} 1. e4 c5 2. Nf3 Nc6 3. d4 cxd4 4. Nxd4 g6 5. c4 Bg7 6. Be3 d6 7. Nc3 h5 {[#] B38: Sicilian: Maroczy Bind with 5...Bg7 and 7...0-0.} 8. Qd2 $146 ({Predecessor:} 8. Be2 h4 9. O-O h3 10. g3 Nf6 11. f4 Ng4 12. Bxg4 Bxd4 13. Bxd4 Bxg4 14. Qxg4 Nxd4 15. Rad1 {1-0 (30) Horvath,D (2329)-Smith,A (2111) Caleta 2018}) 8... Nf6 9. h3 Bd7 {White is slightly better.} 10. Be2 Qa5 {Threatening ...Nxe4!} 11. Nb3 Qc7 12. Nd5 Qc8 13. Nxf6+ Bxf6 14. Bg5 ({White should try} 14. Rd1 $14) 14... Bxg5 $11 15. Qxg5 Nb4 ({Better is} 15... Qd8 $11) 16. Qd2 Na6 17. Rc1 Nc5 18. Nxc5 dxc5 19. Qg5 Qc7 20. O-O b6 21. e5 Be6 22. Rcd1 $40 {[%mdl 128] White mounts an attack.} Rd8 23. b3 Rxd1 24. Rxd1 Kf8 25. h4 Bf5 26. Bd3 Bg4 27. Re1 Be6 28. Re3 {And now Bxg6! would win.} Bg4 29. e6 {[%mdl 64] [#] Deflection} fxe6 $2 {[%mdl 8192] This move loses the game for Black.} (29... Bxe6 $14 30. Bxg6 f6) 30. Bxg6 $18 Bf5 31. Bxf5 exf5 32. Qxf5+ {[%mdl 4096] Endgame KQR-KQR} Ke8 33. Qg6+ Kd8 34. Rd3+ Kc8 35. Qe6+ Kb8 36. Rd7 Qf4 37. g3 Qh6 38. Qe5+ Ka8 39. Qe4+ {Accuracy: White = 89%, Black = 60%.} 1-0

[Event "32nd GER-ch Seniors-65 2020"]
[Site "Magdeburg"]
[Date "2020.08.18"]
[Round "5.6"]
[White "Strobel, Walter"]
[Black "Cichy, Michael"]
[Result "1-0"]
[WhiteElo "2150"]
[BlackElo "2038"]
[Annotator "ChessBase"]
[PlyCount "93"]
[EventDate "2020.08.14"]
[EventType "swiss"]
[EventCountry "GER"]
[SourceTitle "playchess.com"]
[Source "ChessBase"]
[SourceQuality "1"]
[TimeControl "40/5400+30:1800+30"]

1. e4 {[%emt 0:00:00]} c5 {[%emt 0:00:00]} 2. Nf3 {[%emt 0:00:00]} e6 {[%emt 0:00:23]} 3. d4 {[%emt 0:00:03]} cxd4 {[%emt 0:00:09]} 4. Nxd4 {[%emt 0:00:07]} Nc6 {[%emt 0:01:07]} 5. Nc3 {[%emt 0:01:01]} Qc7 {[%emt 0:00:36]} 6. Be3 {[%emt 0:01:25]} a6 {[%emt 0:00:55]} 7. a3 {[%emt 0:00:43]} b5 {[%emt 0:01:24]} 8. Nxc6 {[%emt 0:03:00]} dxc6 {[%emt 0:01:14]} 9. f4 {[%emt 0:02:45]} Bb7 {[%emt 0:01:51]} 10. g3 {[%emt 0:04:53]} c5 {[%emt 0:03:02]} 11. Bg2 {[%emt 0:00:49]} Nf6 {[%emt 0:02:24]} 12. Qe2 {[%emt 0:06:08]} Rd8 {[%emt 0:05:56]} 13. O-O {[%emt 0:03:21]} Be7 {[%emt 0:06:49]} 14. f5 {[%emt 0:16:54]} e5 {[%emt 0:05:54]} 15. Rad1 {[%emt 0:08:22]} O-O {[%emt 0:03:21]} 16. g4 {[%emt 0:12:06]} b4 {[%emt 0:22:42]} 17. Nd5 {[%emt 0:02:39]} Bxd5 {[%emt 0:04:32]} 18. exd5 {[%emt 0:00:06]} h6 {[%emt 0:04:58]} 19. h4 {[%emt 0:07:53]} Nh7 {[%emt 0:01:00]} 20. Qe1 {[%emt 0:01:42]} bxa3 {[%emt 0:00:39]} 21. bxa3 {[%emt 0:00:05]} c4 {[%emt 0:00:57]} 22. Qg3 {[%emt 0:02:36]} f6 {[%emt 0:03:13]} 23. Rb1 {[%emt 0:03:47]} Bc5 {[%emt 0:03:53]} 24. Kh1 {[%emt 0:00:43]} Bxe3 {[%emt 0:01:24]} 25. Qxe3 {[%emt 0:00:02]} Rd6 {[%emt 0:00:43]} 26. Rb4 {[%emt 0:01:53]} a5 {[%emt 0:01:47]} 27. Rb5 {[%emt 0:00:14]} Rc8 {[%emt 0:06:08]} 28. Rfb1 {[%emt 0:01:09]} Nf8 {[%emt 0:01:12]} 29. Qc3 {[%emt 0:06:51]} Ra8 {[%emt 0:03:39]} 30. Bf1 {[%emt 0:02:06]} Qa7 {[%emt 0:02:03]} 31. Kg2 {[%emt 0:01:21]} h5 {[%emt 0:01:42]} 32. g5 {[%emt 0:03:11]} Qd7 {[%emt 0:00:54]} 33. Qf3 {[%emt 0:00:58]} fxg5 {[%emt 0:00:37]} 34. hxg5 {[%emt 0:02:13]} e4 {[%emt 0:02:06]} 35. Qxe4 {[%emt 0:01:23]} Re8 {[%emt 0:00:26]} 36. Qf4 {[%emt 0:01:29]} Rc8 {[%emt 0:01:27]} 37. Rb7 {[%emt 0:01:40]} Qd8 {[%emt 0:00:04]} 38. Kh2 {[%emt 0:01:44]} Nh7 {[%emt 0:01:51]} 39. f6 {[%emt 0:00:11]} Nxf6 {[%emt 0:00:31]} 40. gxf6 {[%emt 0:00:55]} Rxf6 {[%emt 0:00:01]} 41. Qg3 {[%emt 0:30:22]} Qf8 {[%emt 0:36:05]} 42. Rb8 {[%emt 0:00:00]} Kh7 {[%emt 0:00:00]} 43. Rxc8 Qxc8 {[%emt 0:00:00]} 44. Bh3 {[%emt 0:00:00]} Qc5 45. Rb7 {[%emt 0:00:00]} Qf8 {[%emt 0:00:00]} 46. Bg2 {[%emt 0:00:00]} Kh6 {[%emt 0:00:00]} 47. Rb8 {[%emt 0:00:00]} 1-0

[Event "32nd GER-ch Seniors-65 2020"]
[Site "Magdeburg"]
[Date "2020.08.18"]
[Round "5.7"]
[White "Knaak, Joachim"]
[Black "Esswein, Karlheinz"]
[Result "1/2-1/2"]
[WhiteElo "2144"]
[BlackElo "2036"]
[Annotator "TA"]
[PlyCount "80"]
[EventDate "2020.08.14"]
[EventType "swiss"]
[EventCountry "GER"]
[SourceTitle "playchess.com"]
[Source "ChessBase"]
[SourceQuality "1"]

{[%evp 17,80,6,4,12,9,8,3,0,10,8,8,9,34,18,21,3,39,26,25,0,3,0,34,44,28,27,28,34,22,20,31,21,17,13,43,14,25,27,18,20,24,15,21,11,22,31,116,113,223,8,10,9,18,25,58,0,39,11,18,12,26,0,0,0,0]} 1. d4 Nf6 2. c4 e6 3. Nf3 Bb4+ 4. Bd2 a5 5. g3 b6 6. Bg2 Bb7 7. O-O O-O 8. Nc3 d6 9. Qc2 Nbd7 10. Rfe1 {E16: Queen's Indian: 4 g3 Bb7 5 Bg2 Bb4+.} Bxc3 11. Bxc3 Be4 12. Qd2 Qe7 13. b3 {[#]} Rfe8 $146 ({Predecessor:} 13... a4 14. b4 c6 15. a3 b5 16. c5 d5 17. Qb2 h6 18. h4 Rfe8 19. Bd2 e5 20. dxe5 {0-1 (60) Linker,M (2269)-Predke,A (2601) Sochi 2017}) 14. Rad1 Bb7 15. Qc2 Be4 16. Qb2 Rad8 17. a3 Ra8 18. b4 axb4 19. axb4 Ra4 (19... b5 $5) 20. Ra1 Rea8 21. Rxa4 Rxa4 22. Ra1 Rxa1+ 23. Qxa1 Qd8 24. Nd2 Bxg2 25. Kxg2 Qc8 26. Qa7 h6 27. e4 e5 28. dxe5 dxe5 29. c5 bxc5 30. bxc5 c6 31. f3 Ne8 (31... Kh7 $14) 32. Nc4 $16 {Black must now prevent Nb6.} f6 (32... Nc7 $16) 33. Bb4 $2 {[#]} ({White must play} 33. Nb6 $18 Nxb6 34. cxb6) 33... Nf8 34. Nd6 Nxd6 35. cxd6 Qd7 36. Qa2+ ({White should try} 36. Qc7 $14) 36... Qf7 37. Qc2 (37. Qa8 $5 {[%cal Rd6d7]} Qd7 38. h3 $14) 37... Qd7 38. Qc4+ Kh7 39. h3 Ne6 40. Bc5 Ng5 {Accuracy: White = 71%, Black = 67%.} 1/2-1/2

[Event "32nd GER-ch Seniors-65 2020"]
[Site "Magdeburg"]
[Date "2020.08.18"]
[Round "5.8"]
[White "Kannenberg, Karl-Heinz"]
[Black "Braeunlin, Herbert"]
[Result "1/2-1/2"]
[WhiteElo "2128"]
[BlackElo "2031"]
[Annotator "ChessBase"]
[PlyCount "138"]
[EventDate "2020.08.14"]
[EventType "swiss"]
[EventCountry "GER"]
[SourceTitle "playchess.com"]
[Source "ChessBase"]
[SourceQuality "1"]
[TimeControl "40/5400+30:1800+30"]

1. d4 {[%emt 0:00:00]} d5 {[%emt 0:00:00]} 2. Bf4 {[%emt 0:00:00]} e6 {[%emt 0:02:42]} 3. e3 {[%emt 0:00:12]} Bd6 {[%emt 0:00:25]} 4. Bg3 {[%emt 0:00:08]} f5 {[%emt 0:02:33]} 5. c4 {[%emt 0:10:02]} c6 {[%emt 0:00:18]} 6. Nd2 {[%emt 0:09:38]} Nf6 {[%emt 0:01:02]} 7. Ngf3 {[%emt 0:01:08]} O-O {[%emt 0:02:15]} 8. Be2 {[%emt 0:03:59]} b6 {[%emt 0:00:42]} 9. Ne5 {[%emt 0:00:59]} Bb7 {[%emt 0:01:47]} 10. O-O {[%emt 0:04:21]} Qe7 {[%emt 0:05:23]} 11. Rc1 {[%emt 0:01:54]} Bxe5 {[%emt 0:04:42]} 12. Bxe5 {[%emt 0:01:23]} Nbd7 {[%emt 0:01:13]} 13. Nf3 {[%emt 0:01:23]} Nxe5 {[%emt 0:01:00]} 14. Nxe5 {[%emt 0:00:07]} Nd7 {[%emt 0:00:30]} 15. Nxd7 {[%emt 0:08:06]} Qxd7 {[%emt 0:00:36]} 16. f4 {[%emt 0:00:52]} Qe7 {[%emt 0:06:29]} 17. c5 {[%emt 0:00:45]} Kh8 {[%emt 0:04:09]} 18. a4 {[%emt 0:03:05]} Rg8 {[%emt 0:01:42]} 19. b4 {[%emt 0:00:15]} g5 {[%emt 0:01:03]} 20. Rf2 {[%emt 0:15:24]} Rac8 {[%emt 0:03:19]} 21. Bf1 {[%emt 0:00:28]} Rg7 {[%emt 0:01:06]} 22. Rfc2 {[%emt 0:01:19]} gxf4 {[%emt 0:08:21]} 23. exf4 {[%emt 0:00:22]} Qh4 {[%emt 0:12:24]} 24. Qd2 {[%emt 0:01:22]} Rgc7 {[%emt 0:06:33]} 25. Qe3 {[%emt 0:00:39]} Qe7 {[%emt 0:01:23]} 26. Re1 {[%emt 0:01:44]} Re8 {[%emt 0:00:40]} 27. Qe5+ {[%emt 0:00:40]} Qg7 {[%emt 0:01:38]} 28. Qe3 {[%emt 0:06:50]} Bc8 {[%emt 0:07:29]} 29. Rec1 {[%emt 0:02:33]} Bd7 {[%emt 0:00:09]} 30. Ba6 {[%emt 0:13:35]} Bc8 {[%emt 0:04:30]} 31. cxb6 {[%emt 0:02:08]} axb6 {[%emt 0:00:02]} 32. Bb5 {[%emt 0:00:12]} Rg8 {[%emt 0:13:57]} 33. Qe5 {[%emt 0:00:20]} Qxe5 {[%emt 0:00:02]} 34. dxe5 {[%emt 0:00:17]} Bd7 {[%emt 0:01:55]} 35. Bxc6 {[%emt 0:00:31]} Rgc8 {[%emt 0:00:02]} 36. b5 {[%emt 0:00:12]} Kg7 {[%emt 0:00:18]} 37. Kf2 {[%emt 0:00:51]} Kf7 {[%emt 0:00:20]} 38. Rc3 {[%emt 0:04:39]} Bxc6 {[%emt 0:02:33]} 39. bxc6 {[%emt 0:01:01]} Ra8 {[%emt 0:02:57]} 40. Rb1 {[%emt 0:04:52]} Ra6 {[%emt 0:01:10]} 41. Rb4 {[%emt 0:31:05]} Ke7 {[%emt 0:05:23]} 42. Ke2 {[%emt 0:00:00]} Kd8 43. Kf3 {[%emt 0:00:00]} Kc8 {[%emt 0:13:48]} 44. h3 {[%emt 0:00:00]} h5 {[%emt 0:00:36]} 45. g4 {[%emt 0:00:00]} hxg4+ {[%emt 0:00:03]} 46. hxg4 {[%emt 0:00:00]} fxg4+ {[%emt 0:00:10]} 47. Kxg4 {[%emt 0:00:00]} Rg7+ {[%emt 0:00:03]} 48. Kf3 {[%emt 0:00:00]} Kc7 {[%emt 0:00:01]} 49. Rcb3 {[%emt 0:00:00]} Kxc6 {[%emt 0:07:45]} 50. a5 {[%emt 0:00:00]} Rb7 {[%emt 0:02:02]} 51. f5 {[%emt 0:02:42]} exf5 {[%emt 0:02:53]} 52. Kf4 {[%emt 0:01:14]} Rxa5 {[%emt 0:00:19]} 53. Kxf5 {[%emt 0:00:10]} Rc5 {[%emt 0:00:30]} 54. Rh4 {[%emt 0:00:38]} Rc4 {[%emt 0:00:28]} 55. Rh6+ {[%emt 0:00:25]} Kc5 {[%emt 0:00:18]} 56. e6 {[%emt 0:01:14]} Re4 {[%emt 0:01:17]} 57. Rc3+ {[%emt 0:00:45]} Kd4 {[%emt 0:00:56]} 58. Rhh3 {[%emt 0:00:17]} Re5+ {[%emt 0:00:37]} 59. Kf6 {[%emt 0:00:06]} Re1 {[%emt 0:01:01]} 60. e7 {[%emt 0:01:20]} Rf1+ {[%emt 0:01:17]} 61. Rhf3 {[%emt 0:00:31]} Rxf3+ {[%emt 0:00:08]} 62. Rxf3 {[%emt 0:00:11]} Rxe7 {[%emt 0:00:02]} 63. Kxe7 {[%emt 0:00:03]} Ke4 {[%emt 0:00:29]} 64. Rf8 {[%emt 0:01:22]} d4 {[%emt 0:00:27]} 65. Kd6 {[%emt 0:00:45]} d3 {[%emt 0:00:16]} 66. Kc6 {[%emt 0:01:11]} d2 {[%emt 0:00:31]} 67. Rd8 {[%emt 0:00:10]} Ke3 {[%emt 0:00:09]} 68. Kb5 {[%emt 0:00:29]} Ke2 {[%emt 0:00:11]} 69. Re8+ {[%emt 0:00:22]} Kf2 {[%emt 0:00:05]} 1/2-1/2

[Event "32nd GER-ch Seniors-65 2020"]
[Site "Magdeburg"]
[Date "2020.08.18"]
[Round "5.9"]
[White "Waltenberger, Udo"]
[Black "Kliewe, Hans-Juergen"]
[Result "1-0"]
[WhiteElo "2005"]
[BlackElo "2124"]
[Annotator "TA"]
[PlyCount "96"]
[EventDate "2020.08.14"]
[EventType "swiss"]
[EventCountry "GER"]
[SourceTitle "playchess.com"]
[Source "ChessBase"]
[SourceQuality "1"]

{[%evp 20,96,0,0,0,0,0,-12,-11,-20,24,0,15,-11,-23,-25,25,-7,19,-13,0,-11,0,0,0,-14,-7,-35,-28,-66,-29,-61,-40,-64,-65,-79,-70,-72,-56,-58,-27,-58,-50,-178,-25,-25,0,0,6,9,118,113,157,160,151,145,184,183,183,180,177,75,76,56,89,83,138,92,96,83,89,90,263,264,512,481,5600,5116,787]} 1. d4 d5 2. Nf3 Nf6 3. g3 Bf5 4. Bg2 e6 5. O-O Be7 6. c4 c6 7. b3 O-O 8. Bb2 Nbd7 9. Nc3 Ne4 10. Nd2 Nxc3 11. Bxc3 Nf6 {D11: Slav Defence: 3 Nf3 sidelines and 3...Nf6 4 e3 Bg4.} 12. Re1 Rc8 {[#]} 13. e4 $146 ({Predecessor:} 13. Bb2 b5 14. c5 Ne4 15. Nf3 a5 16. Ne5 f6 17. Nd3 e5 18. e3 Qe8 19. g4 {½-½ (49) Nogly,C (2254)-Pajeken,W (2328) Germany 2005}) 13... dxe4 {The position is equal.} 14. Nxe4 Qb6 15. Qd2 Qc7 16. Qb2 Nxe4 17. Bxe4 Bf6 18. Rad1 Rcd8 19. Rd3 Bg6 20. Bxg6 hxg6 21. Red1 Rd7 22. b4 b5 23. Qb3 Rfd8 24. Bb2 Qb6 25. a4 a6 26. axb5 axb5 27. Qc3 bxc4 28. Qxc4 Qb5 29. Rc1 Be7 30. Ba3 e5 {[%cal Rd7d4]} 31. Rf3 ({Better is} 31. Bb2 $15) 31... Qxc4 $2 (31... e4 $1 $19 32. Re3 (32. Qxf7+ $2 Kh7 $19) 32... Bg5 33. Qxc6 Qxc6 34. Rxc6 Bxe3 35. fxe3 Ra8) 32. Rxc4 $11 exd4 {And now ...d3 would win.} 33. Rd3 Rd6 {[#]} 34. b5 $1 {[%mdl 512]} cxb5 (34... Re6 $1 $11 {keeps the balance.} 35. bxc6 (35. Rxc6 $2 Re1+ 36. Kg2 Bxa3 $19) 35... Bxa3 36. Rxa3 Rc8) 35. Rc7 $16 Kf8 36. Bxd6 Rxd6 {[%mdl 4096] Endgame KRR-KRB} 37. Rb7 Rd5 38. Rb8+ {[%mdl 1024] White has strong compensation.} Bd8 39. Kf1 $1 Ke7 {[#]} 40. Ke2 (40. Rb3 $1 $18 {is the precise move to win.}) 40... Bc7 41. Rg8 Be5 42. f4 Bc7 (42... Bd6 $142) 43. Rb3 ({Much less strong is} 43. Rxg7 Rh5 $14) 43... g5 {[#]} 44. fxg5 $1 Rxg5 45. Kd3 Be5 $2 (45... f6 $16) 46. Rxb5 $18 f6 $2 (46... Kd6 {might work better.} 47. Kc4 d3 48. Rd8+ Kc6 49. Rc5+ Kb6) 47. Rb7+ Kd6 (47... Ke6 $142 48. Rgxg7 Rxg7 49. Rxg7 f5 50. Rg6+ Kd7) 48. Rgxg7 Rf5 {Accuracy: White = 61%, Black = 43%.} 1-0

[Event "32nd GER-ch Seniors-65 2020"]
[Site "Magdeburg"]
[Date "2020.08.18"]
[Round "5.10"]
[White "Krauseneck, Peter"]
[Black "Steingrobe, Udo"]
[Result "1-0"]
[WhiteElo "2120"]
[BlackElo "2024"]
[Annotator "TA"]
[PlyCount "74"]
[EventDate "2020.08.14"]
[EventType "swiss"]
[EventCountry "GER"]
[SourceTitle "playchess.com"]
[Source "ChessBase"]
[SourceQuality "1"]

{[%evp 11,74,44,70,23,170,106,106,25,28,27,24,29,29,29,18,23,33,27,38,25,28,6,27,33,66,4,35,0,14,0,78,33,44,0,29,0,54,64,109,75,53,22,18,21,152,132,161,104,114,116,254,283,266,282,270,261,261,252,307,304,413,331,433,456,615]} 1. b3 e5 2. Bb2 Nc6 3. e3 d5 4. Bb5 Bd6 5. f4 Qe7 6. Nf3 Bg4 7. fxe5 {A01: Nimzowitsch-Larsen Opening.} Bxf3 (7... Bxe5 $11 {and Black is okay.} 8. Bxe5 Bxf3 9. Qxf3 Qxe5) 8. Qxf3 ({Not} 8. gxf3 Bxe5 9. Bxc6+ bxc6 $11) (8. exd6 $18 Qh4+ 9. g3) 8... Bxe5 $16 9. Bxe5 ({Don't blunder} 9. Qxd5 $2 Bxb2 10. Bxc6+ Kf8 $19) (9. d4 $16 Bf6 10. c4 (10. Qxd5 Qxe3+ {[%mdl 64] Double Attack} 11. Kf1 Nge7 $17)) 9... Qxe5 $11 10. O-O Nf6 11. Nc3 O-O 12. Bxc6 bxc6 13. Qf4 Qd6 14. Rf3 Rab8 15. a3 {[#]} Rbe8 $146 ({Predecessor:} 15... c5 16. Raf1 Qxf4 17. Rxf4 Rb6 18. Ra4 a6 19. g4 h6 20. h4 Re8 21. g5 hxg5 22. hxg5 {½-½ (39) Savintsev,D (1878)-Ushacov,V (2145) Kemerovo 2010}) 16. Qa4 Ra8 17. Raf1 Rfe8 18. h3 (18. Ne2 $14) 18... Re6 19. Kh1 Nh5 {White should prevent ...Ng3+.} 20. Qh4 Rh6 (20... Nf6 $11 {keeps the balance.}) 21. Qf2 {g4 is the strong threat.} Nf6 22. Kg1 Rg6 23. Rf4 Rf8 ({Black should try} 23... Qxa3 $11 24. Ra4 Qf8) 24. Ra4 $14 Qe6 25. Qf3 Ra8 26. e4 h6 27. Qf5 Rg5 (27... Qe8 $11) 28. Qxe6 $16 fxe6 29. d3 ({White should play} 29. exd5 $18 exd5 30. Re1) 29... Nd7 30. Ra6 Nb6 (30... Nb8 $16 31. Ra5 Nd7) 31. a4 $18 {[%cal Ba3a4,Ba4a5][%mdl 32]} dxe4 32. Nxe4 Rf5 33. a5 Nd5 {[#] And now ...Nb4 would win.} 34. Rxc6 Nf4 {Threatens to win with ...Ne2+.} 35. Rf2 g5 36. Rxe6 Rxa5 37. Rxh6 Ra1+ {Accuracy: White = 57%, Black = 38%.} 1-0